00853cpmaa2200265 a 4500001001300000003000400013005001700017008004100034010001700075040002400092072001200116100002900128245005000157300001300207506002200220520011500242533003700357545001200394546003600406580005700442600003600499650001400535656002100549999001700570mm 79001773 DLC20260227111638.0791120|||||||||||| eng  amm 79001773  aDLCedacscDLCdDLC 7aN2lcmd1 aSmith, John A.c(Lawyer)00aJohn A. Smith correspondence,f1841 March 17. a1fitem.0 aOpen to research.8 aTranscript of a letter written by Smith to Charles Neale relating to sale of property and other legal matters. aHandwritten transcript.b[S.l.].0 aLawyer. aCollection material in English. aForms part of: Miscellaneous Manuscripts collection.10aNeale, CharlesvCorrespondence. 0aProperty. 7aLawyers.2itoamc c40928d40928